<?xml version="1.0" encoding="UTF-8"?>
<marc:record xmlns:marc="http://www.loc.gov/MARC21/slim">
   <marc:leader>00000nam a2200000 a 4500</marc:leader>
   <marc:datafield ind1="1" ind2=" " tag="100">
      <marc:subfield code="a">Obrecht, Bettina</marc:subfield>
      <marc:subfield code="4">aut</marc:subfield>
      <marc:subfield code="e">Verfasser/-in</marc:subfield>
   </marc:datafield>
   <marc:datafield ind1="0" ind2="0" tag="245">
      <marc:subfield code="a">Die lange Weile</marc:subfield>
   </marc:datafield>
   <marc:datafield ind1=" " ind2="1" tag="264">
      <marc:subfield code="b">Tulipan Verlag</marc:subfield>
      <marc:subfield code="c">2024</marc:subfield>
   </marc:datafield>
   <marc:datafield ind1="1" ind2=" " tag="520">
      <marc:subfield code="a">Emil ist in seinem Zimmer und hat Lust auf nichts. Bis ihn eine merkwürdige, riesengroße Gestalt besuchen kommt, die sich als lange Weile vorstellt. Als sehr lange Weile. Emil weiß nicht so recht, was er mit ihr anfangen soll. Sie will nicht mit ihm Spielen. Sie ist nicht gekommen, um ihm vorzulesen. Geschichten ausdenken kann sie schon gar nicht. Aber Emil kann ihr das beibringen und legt gleich los. Die Weile ist entsetzt. Emil soll aufhören. Doch der findet gefallen an seiner eigenen Geschichte und denkt gar nicht daran.
(Quelle: Verlagstext)</marc:subfield>
   </marc:datafield>
   <marc:datafield ind1=" " ind2=" " tag="020">
      <marc:subfield code="a">9783864296154</marc:subfield>
      <marc:subfield code="9">9783864296154</marc:subfield>
   </marc:datafield>
</marc:record>
